| 000 | 00000nam##2200000za#4500 |
| 001 | 9.648341 |
| 003 | CaOODSP |
| 005 | 20210615113040 |
| 007 | ta |
| 008 | 150407|2001||||xxc||||| f|0| 0 eng|d |
| 020 | |a0-660-18631-4 |
| 040 | |aCaOODSP|beng |
| 043 | |an-cn--- |
| 086 | 1 |aF2-163/2001E |
| 110 | 1 |aCanada. |bDepartment of Finance. |
| 245 | 10|aProposed legislation and regulations relating to ships' stores : |bnotice of ways and means motion, draft regulations and explanatory notes / |cPublished by the Honourable Martin Cauchon, P.C., M.P. Minister of National Revenue and the Honourable Jim Peterson, P.C., M.P. Secretary of State (International Financial Institutions). |
| 260 | |aOttawa - Ontario : |bFinance Canada |c2001. |
| 300 | |a30p. ; |c23 cm. |
| 563 | |aSoftcover |
| 590 | |a01-40|b2001-10-05 |
| 690 | 07|aCustoms and excise|2gcpds |
| 690 | 07|aLegislation|2gcpds |
| 690 | 07|aShips|2gcpds |
| 720 | 1 |aCauchon, Martin |
| 720 | 1 |aPeterson, Jim |
| 775 | 08|tPropositions législative et réglementaires concernant les provisions de bord : |w(CaOODSP)9.681638 |
| 776 | 0#|tProposed legislation and regulations relating to ships' stores : |w(CaOODSP)9.696462 |